000 00762nab a22002297a 4500
001 16250
003 HDC
007 cr bn ---aaaaa
008 210128c20160415my ||||o |||| 00| 00eng d
040 _aHDC
245 0 _aCreation of Boutique And Community Bank Can Meet SMEs Financing Needs:
_bSME Corp CEO
336 _atext
_2rdacontent
337 _acomputer
_2rdamedia
338 _aonline resource
_2rdacarrier
650 _aFinancial
_9269
650 _aSmall business
_9208
710 _aMarketing Magazine Malaysia
856 _zRequest full-text at [email protected]
942 _2lcc
942 _cNEWS
942 _kNWSO 003260
999 _c13566
_d13566